Taylor Swift - Speak Now (Taylor's Version) - Statistics

General Stats
  • This quiz has been taken 24 times
  • The average score is 18 of 22
Answer Stats
2010 Speak Now % Correct
4 Speak Now
100%
1 Mine
95%
3 Back To December
90%
9 Enchanted
90%
13 Last Kiss
90%
6 Mean
90%
2 Sparks Fly
90%
10 Better Than Revenge
85%
5 Dear John
85%
14 Long Live
85%
22 Timeless
85%
19 I Can See You
80%
11 Innocent
80%
18 When Emma Falls in Love
80%
12 Haunted
75%
15 Ours
75%
16 Superman
75%
8 Never Grow Up
70%
7 The Story Of Us
70%
20 Castles Crumbling (feat. Hayley Williams)
65%
21 Foolish One
65%
17 Electric Touch (feat. Fall Out Boy)
60%
No matching quizzes found
Score Distribution
Percent of People with Each Score
Percentile by Number Answered
Your Score History
You have not taken this quiz